Honk if you're Malaysian!.

Bibliographic Details
Main Author: Teh, Lydia
Format: Book
Published: Petaling Jaya: MPH Group Pub., 2006.
Subjects:
LEADER 00484cam a2200181 7i4500
001 0000032365
005 20150427090000.0
020 0 0 |a 9789833698127  
090 0 0 |a B 959.5   |b TEH (LRM) 
100 1 0 |a Teh, Lydia  
245 1 0 |a Honk if you're Malaysian!. 
260 0 0 |a Petaling Jaya:   |b MPH Group Pub.,   |c 2006. 
300 # # |a 286 pages. 
650 0 0 |a Malaysians  
650 0 0 |a Culture  
650 0 0 |a Manners and customs  
651 0 0 |a Malaysia  
999 |a 0000035970  |b Book  |c Book  |e Business Information Centre